000 01039nam a2200313 i 4500
001 000020105
003 DO-SdBNP
005 20240711141755.0
007 ta
008 100721s1969 dr 001 0 spa d
040 _aDO-SdBNP
_bspa
_cBNPHU
_erda
049 _aBNPD
082 4 _bR696p
_222
100 1 _aRodríguez Demorizi, Emilio,
_d1908-1986
_91039
_eautor
245 1 0 _aPapeles de Rubén Dario /
_cEmilio Rodríguez Demorizi.
264 _aSanto Domingo :
_bDel Caribe,
_c1969.
300 _a548 páginas ;
_c23 cm.
336 _2rdacontent
_atexto
_btxt
337 _2rdamedia
_asin mediación
_bn
338 _2rdacarrier
_avolumen
_bnc
500 _aIncluye índice de personas y de lugares
500 _aIncluye referencias bibliográficas notas al pie de las páginas.
590 _aInventariado, 2024/BT
600 1 4 _aDario, Rubén,
_d1867-1916.
_915535
650 4 _aDarío, Rubén,
_d1867-1916.
_xCrítica e interpretación
_942693
650 4 _aLiteratura dominicana.
_967
910 _aBtavárez
942 _2ddc
_cLBS1
999 _c19613
_d19613